Advanced engineering mathematics (Record no. 2354)

000 -LEADER
fixed length control field 00457nam a22001937a 4500
001 - CONTROL NUMBER
control field 2354
003 - CONTROL NUMBER IDENTIFIER
control field BD-DhUET
008 - FIXED-LENGTH DATA ELEMENTS--GENERAL INFORMATION
fixed length control field 140922b xxu||||| |||| 00| 0 eng d
020 ## - INTERNATIONAL STANDARD BOOK NUMBER
International Standard Book Number 8121903459
040 ## - CATALOGING SOURCE
Transcribing agency 0
Modifying agency BD-DhUET
082 ## - DEWEY DECIMAL CLASSIFICATION NUMBER
Classification number 510
Item number DAS/2007
100 ## - MAIN ENTRY--PERSONAL NAME
Personal name Dass, H.K.
245 ## - TITLE STATEMENT
Title Advanced engineering mathematics
250 ## - EDITION STATEMENT
Edition statement 17th Rev. ed.
260 ## - PUBLICATION, DISTRIBUTION, ETC. (IMPRINT)
Place of publication, distribution, etc. Ram Nagar
Name of publisher, distributor, etc. S. Chand.
Date of publication, distribution, etc. 2007
300 ## - PHYSICAL DESCRIPTION
Extent xvi,1274p.
650 #0 - SUBJECT ADDED ENTRY--TOPICAL TERM
Topical term or geographic name as entry element Mathematics
942 ## - ADDED ENTRY ELEMENTS (KOHA)
Koha item type General Book
Holdings
Shelving location Koha full call number Source of classification or shelving scheme Koha date last borrowed Not for loan Koha out on loan Sublocation or collection (holding branch) Piece designation (barcode) Koha issues (times borrowed) Lost status Koha date last seen Damaged status Koha item type Price effective from Copy number Koha normalized classification for sorting Date acquired Location (home branch) Withdrawn status
Circulation section510/DAS/2007 2022-11-23  Central Library, BUET1039243 2023-05-06 General Book2014-09-221510DAS20072014-09-22Central Library, BUET 
Circulation section510/DAS/2007 2026-01-13 2026-01-27Central Library, BUET1039256 2026-01-13 General Book2014-09-222510DAS20072014-09-22Central Library, BUET 
Circulation section510/DAS/2007 2024-12-01  Central Library, BUET1039274 2025-02-10 General Book2014-09-223510DAS20072014-09-22Central Library, BUET 
Circulation section510/DAS/2007 2023-03-22  Central Library, BUET1039283 2023-06-05 General Book2014-09-224510DAS20072014-09-22Central Library, BUET 
Circulation section510/DAS/2007 2014-11-12  Central Library, BUET1039291 2016-02-24 General Book2014-09-225510DAS20072014-09-22Central Library, BUET 
Circulation section510/DAS/2007 2023-01-11  Central Library, BUET1039312 2023-02-28 General Book2014-09-227510DAS20072014-09-22Central Library, BUET 
Circulation section510/DAS/2007 2022-11-23  Central Library, BUET1039302 2023-06-07 General Book2014-09-226510DAS20072014-09-22Central Library, BUET 
Circulation section510/DAS/2007 2019-01-20  Central Library, BUET1039222 2019-03-31 General Book2015-01-268510_000000000000000_DAS_20072015-01-26Central Library, BUET 
Circulation section510DAS/2007 2025-03-02  Central Library, BUET1039232 2025-04-07 General Book2015-09-019510DAS_2007_0000000000000002015-09-01Central Library, BUET 
Circulation section510/DAS/2007 2024-11-24 2024-12-08Central Library, BUET10392611 2024-11-24 General Book2017-05-2910510_000000000000000_DAS_20072007-05-28Central Library, BUET